| 000 | 00000nam##2200000za#4500 |
| 001 | 9.662070 |
| 003 | CaOODSP |
| 005 | 20240219175630 |
| 007 | ta |
| 008 | 150407|2000||||xxc||||| f|0| 0 fre|d |
| 020 | |a0-662-65156-1 |
| 040 | |aCaOODSP|bfre |
| 041 | |aeng |
| 041 | |afre |
| 043 | |an-cn--- |
| 086 | 1 |aD2-126/2000 |
| 110 | 2 |aR et D pour la deĢfense Canada. |
| 245 | 10|aStratégie d'investissement technologique pour les deux prochaines décennies |
| 260 | |aOttawa - Ontario : |bDéfense nationale. |c2000. |
| 300 | |aTexte français, 78p. : |bill., tableaux ; |c28 cm. |
| 500 | |a«Recherche et développement pour la défense Canada (RDDC) a le plaisir de présenter sa Stratégie d'investissement technologique (SIT) pour l'avenir. L'objectif de la stratégie est de garantir que les futures FC demeurent préparées et à jour sur le plan technologique. Les 21 activités de R et D décrites dans la stratégie ont été conçus de façon à être en accord avec la Stratégie de défense 2020, à titre d'investissements technologiques.»-- Verso de la couverture. |
| 520 | 3 |aRecherche et développement pour la défense Canada (RDDC) a le plaisir de présenter sa Stratégie d'investissement technologique (SIT) pour l'avenir. L'objectif de la stratégie est de garantir que les futures FC demeurent préparées et à jour sur le plan technologique. Les 21 activités de R et D décrites dans la stratégie ont été conçus de façon à être en accord avec la Stratégie de défense 2020, à titre d'investissements technologiques.-- Verso de la couverture |
| 546 | |aBilingue |
| 563 | |aCouverture souple |
| 590 | |a00-32|b2000-08-11 |
| 691 | 07|aTechnologie militaire|2gcpds |
| 691 | 07|aInvestissement|2gcpds |
| 776 | 0#|tTechnology investment strategy for the next two decades |w(CaOODSP)9.695671 |
| 791 | |tTechnology investment strategy for the next two decades |eeng|w(CaOODSP)9.662069 |